A multimédia

Elmentve itt :
Bibliográfiai részletek
Szerző: Simonné Retkes Edit
További közreműködők: Simon Melinda (Témavezető)
Dokumentumtípus: Szakdolgozat
Megjelent: 2000
Tárgyszavak:
Online Access:http://diploma.bibl.u-szeged.hu/35450
LEADER 00529nta a2200157 i 4500
001 dipl35450
005 20160419081915.0
008 120208s2000 hu om 0|| hun d
040 |a SZTE Diploma Repozitórium  |b hun 
041 |a hun 
100 2 |a Simonné Retkes Edit 
245 1 2 |a A multimédia  |h [elektronikus dokumentum] /  |c Edit Simonné Retkes 
260 |c 2000 
650 4 |a Bölcsészettudományok 
700 1 |a Simon Melinda  |e ths 
856 4 0 |u http://diploma.bibl.u-szeged.hu/id/eprint/35450/1/2000_simonne_retkes_edit.pdf  |z Dokumentum-elérés